000 01048nam a22002897a 4500
001 7815
003 FISKH
005 20250811113911.0
008 250811b cb ||||| |||| 00| 0 eng d
040 _aFISKH
_beng
_cFISKH
_dFISKH
050 _aPZ7
082 _a823.92
100 _aDaynes, Katie
245 _aAladdin & his magical lamp /
_cRetold by Katie Daynes ; Illustrated by Paddy Mounter
250 _aThis edition first published in 2007
260 _aLondon :
_bUsborne,
_c2003
300 _a48 pages :
_bcolor illustrations ;
_c20 cm
505 _aJ
520 _aYoung children can discover what happens when Aladdin finds a magic lamp in this mystical and magical story. This classic tale, with charming illustrations and simple text, will capture the imagination of children starting to read alone. 6 yrs+
521 8 _a490
_bLexile
521 8 _aJ
_bRaz-Plus
650 _2Usborne
_aChildren Classics
650 _2Lamp
_aAladdin
700 _aMounter, Paddy
_dillustrator
942 _2ddc
_cBK
_n0
999 _c7815
_d7815